000 00302nam a22001337a 4500
008 180223b xxu||||| |||| 00| 0 eng d
020 _a9780393913057
041 _aeng
080 _a54
100 _a12
101 _aKIM
245 _aChemconnections activity workbook
_cAnthony,Sh
942 _2udc
_cBK
999 _c43233
_d43233